00600nam a2200169Ia 4500008004100000020001800041041000800059082001300067100004400080245007000124250000600194260004500200300001700245650002700262999001900289952012200308210716s2012 xx 000 0 und d a9788173817830 aeng a658 PANT aPan, Tapan Kumar;Karmakar, Madan Mohan. aPrinciples and practice of management and business communication. a1 aNew DelhibNew Central Book Agencyc2012 axviii,454,18 aBusiness Communication c207611d207611 001040708MBAaAIMITbAIMITd2012-11-13g215.00l0o658 PANTpMBA10177r2026-05-23 00:00:00v161.25w2021-07-16yBK